000 00564nam a2200193Ia 4500
005 20260114185645.0
008 008 260114s9999 xx 000 0 eng d
020 _a9781472581334
037 _aEBOOK
040 _aCRL
_beng
_cCRL
041 _aeng
_2eng
084 _qCRL
100 _aSir Winston S. Churchill
_9872772
245 0 _aIndia Defending the Jewel in the Crown
260 _bBloomsbury
_c2014
856 _uhttps://doi.org/10.5040/9781472581334?locatt=label:secondary_bloomsburyCollections
942 _cEBOOK
999 _c1471720
_d1471720